00716nam a2200193 u 4500001001000000003000400010005001700014008004100031040002500072082001700097100003500114245010900149260003800258300002100296500002100317500007500338500007700413504003200490000004816OSt20201009135909.0090727s1995 dr r 000 0 spa d aDO-SdBNPbspacBNPHU axxxxbR883ch1 aRowland Cruz, James A.,d1952-13aEl cheque :bestudio legal, jurisprudencial y dotrinal en la República Dominicana /cJames A. Rowland. aSanto Domingo :bCorripio,c1995. a204 p. ;c23 cm. aIncluye índice aIncluye referencias bibliográficas y notas al pie de las páginas  aIncluye datos biográficos del autor en la solapa de la contracubierta. aBibliografía : p. 203-204